| 000 | 00450nam a2200157Ia 4500 | ||
|---|---|---|---|
| 008 | 230917s9999||||xx |||||||||||||| ||und|| | ||
| 040 |
_e122434 _aMAIN |
||
| 041 | _aEnglish | ||
| 082 | _a658.3 S14E | ||
| 100 | _aSubba Rao, P | ||
| 245 | 0 | _aEssentials of human resource management and industrial relations: Text. cases and games | |
| 250 | _a3rd rev ed. | ||
| 260 |
_aMumbai _bHimalaya Publishing House _c2008 |
||
| 300 | _a613p p. | ||
| 942 | _cBK | ||
| 999 |
_c147238 _d147238 |
||